000 00674nam a22001217a 4500
040 _cRUA
082 _aDVM BOE 2025 B707 Or.1
100 _aBOEUN SINUT, បឿន ស៊ីនុត
245 _aAntimicrobial resistance of bacteria in boar semen at prek russey sangkeat krung takhmao kandal province, ករណីបាក់តេរីក្នុងទឹកកាមជ្រូក ស៊ាំនឹងឳសថអង់ទីប៊ីយ៉ូទិក នៅសង្កាត់ព្រែកឬស្សី ក្រុងតាខ្មៅ ខេត្តកណ្ដាល
260 _aPHNOM PENH
_bRUA
_c2025
300 _axii,49p.
_bill.
_c29cm.
942 _cNRM
999 _c25689
_d25689